| Tag |
First Indicator |
Second Indicator |
Subfields |
| LEADER |
00000cam a2200000 a 4500 |
| 001 |
in00000027943 |
| 005 |
20151007054653.0 |
| 008 |
880202s1988 pauab b 10100 eng |
| 010 |
|
|
|a 88003295
|
| 020 |
|
|
|a 0803109873
|
| 035 |
|
|
|a (OCoLC)17508027
|
| 035 |
|
|
|9 AAB5889AM
|
| 040 |
|
|
|a DLC
|c DLC
|d TXA
|d UtOrBLW
|
| 043 |
|
|
|a n-us---
|
| 049 |
|
|
|a TXAM
|c [A10909952]
|
| 050 |
0 |
0 |
|a TD523
|b .C46 1988
|
| 082 |
0 |
|
|a 628.3/6
|2 19
|
| 245 |
0 |
0 |
|a Chemical and biological characterization of municipal sludges, sediments, dredge spoils, and drilling muds /
|c James J. Lichtenberg ... [et al.].
|
| 264 |
|
1 |
|a Philadelphia, PA :
|b American Society for Testing and Materials,
|c [1988]
|
| 264 |
|
4 |
|c ©1988
|
| 300 |
|
|
|a 512 pages :
|b illustrations, maps ;
|c 24 cm.
|
| 336 |
|
|
|a text
|b txt
|2 rdacontent
|
| 337 |
|
|
|a unmediated
|b n
|2 rdamedia
|
| 338 |
|
|
|a volume
|b nc
|2 rdacarrier
|
| 490 |
1 |
|
|a ASTM special technical publications ;
|v 976
|
| 500 |
|
|
|a "Papers presented at the Symposium on Chemical and Biological Characterization of Municipal Sludges, Sediments, Dredge Spoils, and Drilling Muds which was held in Cincinnati, OH, on 20-22 May 1986"--Foreword.
|
| 500 |
|
|
|a Sponsored by the Environmental Protection Agency laboratories: Environmental Monitoring and Support Laboratory and the Environmental Criteria and Assessment Office in cooperation with the Water Engineering Research Laboratory, all of Cincinnati, Ohio.
|
| 504 |
|
|
|a Includes bibliographies and indexes.
|
| 650 |
|
0 |
|a Sewage
|x Environmental aspects
|z United States
|x Congresses.
|
| 650 |
|
0 |
|a Sewage
|x Analysis
|x Congresses.
|
| 650 |
|
0 |
|a Health risk assessment
|z United States
|x Congresses.
|
| 650 |
|
0 |
|a Water quality management
|z United States
|v Congresses.
|
| 650 |
|
0 |
|a Sewage sludge
|x Purification
|x Biological treatment
|x Congresses.
|
| 700 |
1 |
|
|a Lichtenberg, James J.
|
| 711 |
2 |
|
|a Symposium on Chemical and Biological Characterization of Municipal Sludges, Sediments, Dredge Spoils, and Drilling Muds
|d (1986 :
|c Cincinnati, Ohio)
|
| 710 |
2 |
|
|a Environmental Monitoring and Support Laboratory (Cincinnati, Ohio)
|
| 710 |
1 |
|
|a United States.
|b Environmental Protection Agency.
|b Environmental Criteria and Assessment Office (Cincinnati, Ohio)
|
| 710 |
2 |
|
|a Water Engineering Research Laboratory.
|
| 830 |
|
0 |
|a ASTM special technical publication ;
|v 976.
|
| 999 |
|
|
|a MARS
|
| 999 |
f |
f |
|s 7db7722d-7a3f-301f-842f-579406a20691
|i a4870f31-6412-3ce8-b52e-32fc0012a7b4
|t 0
|
| 952 |
f |
f |
|p ric
|a Texas A&M University
|b Rellis Campus
|c Joint Library Facility
|d Remote Storage
|t 0
|e TD523 .C46 1988
|h Library of Congress classification
|i unmediated -- volume
|m A14810909952
|
| 998 |
f |
f |
|a TD523 .C46 1988
|t 0
|l Remote Storage
|